000 00489nam a2200181Ia 4500
005 20250923144248.0
008 008 250917s9999 xx 000 0 eng d
037 _aTextual
040 _aDSWL
_beng
_cDSWL
041 _aeng
_2eng
084 _qDSWL
100 _aBandyopadhyaya, N
_9822986
245 0 _aEconomic life & progress in ancient India
_cby N Bandyopadhyaya
260 _aCalcutta
_c1945
300 _a347 p.
942 _cTEXL
999 _c1436745
_d1436745